Les villes et villages fleuris d'Occitanie - Statistiques

Statistiques générales
  • Ce quiz a été pris 27 fois
  • Le résultat moyen est 6 sur 12
Statistiques - réponses
Département Habitants Indice Réponse % Correct
30 43492 A*E* Alès
78%
32 21943 **CH Auch
78%
81 51181 *LB* Albi
70%
30 148000 *I*E* Nîmes
70%
34 78308 *E*IE** Béziers
65%
66 121681 *E**I**A* Perpignan
65%
65 43821 *A**E* Tarbes
61%
32 3665 L*CT**R* Lectoure
35%
34 346 FR**SS*-S*R-*G**T Fraisse-sur-Agoût
17%
32 138 BL*Z**RT Blaziert
9%
32 916 O**A*-*A**O*UE Ordan-Larroque
9%
82 279 C**R**CH Cayriech
4%
Aucun quiz correspondant
Distribution des résultats
% des personnes avec chaque résultat
Percentile par nombre de réponses
Votre historique - résultats
Vous n’avez pas pris ce quiz